000 00457nam a2200157 i 4500
001 134866
003 ES-MaACL
005 20230906194747.0
007 t|
008 070629m19001925gw ||||1| ger d
100 1 _aThoma, Ludwig.
_9109990
245 1 0 _aDie Medaille
_b: komödie in einem Akt. /
_cLudwig Thoma.
260 _aMunchen :
_bAlbert Langen,
_c[entre 1900 y 1925]
300 _a101 p. :
_bil. ;
_c18 cm.
852 _aES-MaACL
_jC-4584
_bR.24493
999 _c134866
_d134866